Munice /

Hlavní autor: Beer, Stanislav, 1951-
Korporativní autor: Univerzita obrany. Katedra zbraňových systémů
Další autoři: Komenda, Jan, 1954-, Jedlička, Luděk, 1974-
Jazyk: Čeština
Vydáno: Brno : Univerzita obrany, 2004 [i.e. 2005]
Témata:
Externí odkaz: Digitalizovaný dokument
Fyzický popis: 406 s. : il. ; 30 cm
Knihy
Uloženo v:
LEADER 02073nam a2200505 a 4500
001 nkc20051572823
003 CZ PrNK
005 20051020133650.0
007 ta
008 050617s2005 xr a e p 000 0 cze
015 |a cnb001572823 
020 |a 80-85960-84-2  |q (brož.) :  |c Kč 218,00 
035 |a (OCoLC)85156767 
040 |a BOA001  |b cze  |d ABA001 
072 7 |a 623  |x Vojenská technika  |2 Konspekt  |9 19 
072 7 |a 37.016  |x Učební osnovy. Vyučovací předměty. Učebnice  |2 Konspekt  |9 22 
080 |a 623.45  |2 MRF 
080 |a 662.1/.4  |2 MRF 
080 |a (075.8)  |2 MRF 
100 1 |a Beer, Stanislav,  |d 1951-  |7 mzk2005273183  |4 aut 
245 1 0 |a Munice /  |c autoři Stanislav Beer, Jan Komenda, Luděk Jedlička 
260 |a Brno :  |b Univerzita obrany,  |c 2004 [i.e. 2005] 
300 |a 406 s. :  |b il. ;  |c 30 cm 
500 |a 50 výt. 
500 |a Česko-anglický terminologický slovník 
500 |a Správné vročení na obálce a v tiráži 
500 |a Nad názvem: Univerzita obrany, Fakulta vojenských technologií, Katedra zbraňových systémů 
500 |a Na obálce a v tiráži vročení 2005 
504 |a Obsahuje bibliografii 
650 0 7 |a vojenská munice  |7 ph221969  |2 czenas 
650 0 7 |a výbušniny  |7 ph127407  |2 czenas 
650 0 9 |a ammunition  |2 eczenas 
650 0 9 |a explosives  |2 eczenas 
655 7 |a učebnice vysokých škol  |7 fd133772  |2 czenas 
655 9 |a textbooks (higher)  |2 eczenas 
700 1 |a Komenda, Jan,  |d 1954-  |7 xx0000950  |4 aut 
700 1 |a Jedlička, Luděk,  |d 1974-  |7 mzk2005273182  |4 aut 
710 2 |a Univerzita obrany.  |b Katedra zbraňových systémů  |7 kn20050209005 
856 4 1 |u http://www.digitalniknihovna.cz/mzk/uuid/uuid:6765f190-910f-11e6-9325-005056827e52  |y Digitalizovaný dokument  |x NDK 
910 2 |a BOA001  |b 3-1154.683 
990 |a BK 
995 |a 01 
991 |b 200508  |c NOV 
996 6 |b 2610254552  |c 3-1154.683  |l MZK  |r Sklad / do 1 hodiny  |n 1  |p p.v.  |w 000779473  |u 000010  |a 1  |e BOA001  |j MZK50  |s P 
996 7 |b 2610254553  |c 3-1154.683  |l Vol.výběr  |r VV 1p  |n 25  |p p.v.  |h 623 BEE  |w 000779473  |u 000020  |a 0  |e BOA001  |j MZK50  |s A